Изучение полярографических и адсорбционных свойств бензольных производных некоторых барбитуратов; Журнал общей химии; Т. 31, вып. 8

Bibliografiske detaljer
Parent link:Журнал общей химии/ Российская академия наук (РАН) ; Отделение химии и наук о материалах РАН.— , 1931-.— 0044-460X
Т. 31, вып. 8.— 1961.— С. 2786-2792
Hovedforfatter: Воронова К. Р.
Andre forfattere: Стромберг А. Г. Армин Генрихович
Sprog:russisk
Udgivet: 1961
Fag:
Format: MixedMaterials Book Chapter
KOHA link:https://koha.lib.tpu.ru/cgi-bin/koha/opac-detail.pl?biblionumber=432351

MARC

LEADER 00000naa2a2200000 4500
001 432351
005 20240227115410.0
035 |a (RuTPU)RU\TPU\prd\92589 
035 |a RU\TPU\tpu\1232 
090 |a 432351 
100 |a 20101207d1961 k y0rusy50 ca 
101 0 |a rus 
102 |a RU 
200 1 |a Изучение полярографических и адсорбционных свойств бензольных производных некоторых барбитуратов  |f К. Р. Воронова, А. Г. Стромберг 
320 |a Библиогр.: 9 назв. 
461 |0 (RuTPU)RU\TPU\prd\161  |x 0044-460X  |t Журнал общей химии  |f Российская академия наук (РАН) ; Отделение химии и наук о материалах РАН  |d 1931- 
463 |0 (RuTPU)RU\TPU\prd\92588  |t Т. 31, вып. 8  |v С. 2786-2792  |d 1961 
610 1 |a химические науки 
610 1 |a труды учёных ТПУ 
700 1 |a Воронова  |b К. Р. 
701 1 |a Стромберг  |b А. Г.  |c химик, специалист в области классической полярографии и инверсионной вольтамперометрии  |c профессор Томского политехнического института  |f 1910-2004  |g Армин Генрихович  |3 (RuTPU)RU\TPU\pers\11188  |9 2478 
801 0 |a RU  |b 63413507  |c 20011210  |g PSBO 
801 2 |a RU  |b 63413507  |c 20171027  |g PSBO 
942 |c BK